<?xml version="1.0" encoding="UTF-8"?>
<collection xmlns="http://www.loc.gov/MARC21/slim">
 <record>
  <leader>01401nam a22002057a 4500</leader>
  <controlfield tag="001">NCT_4_011843</controlfield>
  <controlfield tag="008">240805b        xxu||||| |||| 00| 0 vie d</controlfield>
  <datafield tag="999" ind1=" " ind2=" ">
   <subfield code="c">8553</subfield>
   <subfield code="d">8553</subfield>
  </datafield>
  <datafield tag="020" ind1=" " ind2=" ">
   <subfield code="c">80000</subfield>
  </datafield>
  <datafield tag="082" ind1="0" ind2="4">
   <subfield code="2">23rd ed.</subfield>
   <subfield code="a">658.3</subfield>
   <subfield code="b">G120</subfield>
  </datafield>
  <datafield tag="100" ind1="1" ind2=" ">
   <subfield code="a">Nguyễn Hồng Gấm</subfield>
   <subfield code="e">Chủ biên</subfield>
  </datafield>
  <datafield tag="245" ind1="1" ind2="0">
   <subfield code="a">Giáo trình Hành vi tổ chức</subfield>
   <subfield code="c">Nguyễn Hồng Gấm (Chủ biên); Trần Hồng Minh Ngọc</subfield>
  </datafield>
  <datafield tag="260" ind1=" " ind2=" ">
   <subfield code="a">Cần Thơ</subfield>
   <subfield code="b">Đại học Cần Thơ</subfield>
   <subfield code="c">2022</subfield>
  </datafield>
  <datafield tag="300" ind1=" " ind2=" ">
   <subfield code="a">156 tr.</subfield>
   <subfield code="b">minh họa</subfield>
   <subfield code="c">24cm</subfield>
  </datafield>
  <datafield tag="520" ind1="3" ind2=" ">
   <subfield code="a">Với kết cấu 9 chương, quyển giáo trình trình bày một cách hệ thống, đầy đủ và có cơ sở khoa học  các nội dung cơ bản của hành vi trong tổ chức, gồm: Những vấn đề chung của hành vi tổ chức; Cơ sở hành vi tổ chức; Ra quyết định trong tổ chức; Tạo động lực cho người lao động; Giao tiếp trong tổ chức; Văn hóa tổ chức và phát triển đổi mới tổ chức</subfield>
  </datafield>
  <datafield tag="653" ind1=" " ind2=" ">
   <subfield code="a">Quản trị kinh doanh</subfield>
  </datafield>
  <datafield tag="700" ind1="1" ind2=" ">
   <subfield code="a">Trần Hồng Minh Ngọc</subfield>
  </datafield>
  <datafield tag="942" ind1=" " ind2=" ">
   <subfield code="2">ddc</subfield>
   <subfield code="c">BK</subfield>
  </datafield>
  <datafield tag="952" ind1=" " ind2=" ">
   <subfield code="0">0</subfield>
   <subfield code="1">0</subfield>
   <subfield code="2">ddc</subfield>
   <subfield code="4">0</subfield>
   <subfield code="6">658_300000000000000_G120</subfield>
   <subfield code="7">0</subfield>
   <subfield code="9">29282</subfield>
   <subfield code="a">000001</subfield>
   <subfield code="b">000001</subfield>
   <subfield code="d">2024-08-05</subfield>
   <subfield code="o">658.3 G120</subfield>
   <subfield code="p">MD.22622</subfield>
   <subfield code="r">2024-08-05</subfield>
   <subfield code="v">80000.00</subfield>
   <subfield code="w">2024-08-05</subfield>
   <subfield code="y">BK</subfield>
  </datafield>
  <datafield tag="980" ind1=" " ind2=" ">
   <subfield code="a">Thư viện Trường Đại học Nam Cần Thơ</subfield>
  </datafield>
 </record>
</collection>
